=LDR 00000nam 2200000 4500 =001 NUTBA000000000005403 =005 20141029111516.0 =006 =007 =008 =035 ##$$a 0010-101400000000633 =040 ##$$a NBPDMAT =082 ##$$a 951 =090 ##$$a 951 $b Tar m =100 ##$$a Tarasetyaningrum =245 ##$$a Mengenal negara cina dulu dan sekarang / $c disusun oleh S. Tarasetyaningrum =260 ##$$a Bandung : $b Sarana Cipta Ilmu, $c 1997 =300 ##$$a 71 hlm. : $b ilus. ; $c 21 cm. =650 ##$$a Cina Sejarah